000 00638nam a2200241Ia 4500
003 OSt
005 20221006144732.0
006 a|||||r|||| 00| 0
007 ta
008 221006b |||||||| |||| 00| 0 eng d
020 _c
_8.00
024 _a12,539
037 _cTextual
040 _aEASL
_cEASL
_beng
041 _2eng
_aeng
082 _aV41:1.N6, L3
100 _aCHING Ping etc.
_9652720
245 0 _aHeris apparent
_b What happens when Mao dies
260 _aLondon
_bSecker & Warburg
_c1973
300 _a236p.
_ccm.
942 _hV41:1.N6, L3
_cTEXL
_2CC
999 _c1080625
_d1080625